Central Library OPAC University of Rajshahi

Cross-cultural management : (Record no. 60388)

MARC details
000 -LEADER
fixed length control field 01375nam a2200325 a 4500
001 - CONTROL NUMBER
control field 60388
003 - CONTROL NUMBER IDENTIFIER
rucl marc code BD-RjUL
005 - DATE AND TIME OF LATEST TRANSACTION
control field 20211209080831.0
008 - FIXED-LENGTH DATA ELEMENTS--GENERAL INFORMATION
fixed length control field 161219s2008 caua b 001 0 eng
020 ## - INTERNATIONAL STANDARD BOOK NUMBER
International Standard Book Number 9781412939560 (pbk. : acidfree paper)
International Standard Book Number 1412939569 (pbk. : acidfree paper)
035 ## - SYSTEM CONTROL NUMBER
System control number (BD-RjUL)60512
040 ## - CATALOGING SOURCE
Original cataloging agency DLC
Transcribing agency DLC
Modifying agency BD-RjUL
Language of cataloging eng
041 ## - LANGUAGE CODE
Language code of text/sound track or separate title eng
082 00 - DEWEY DECIMAL CLASSIFICATION NUMBER
Classification number 658.049
Edition number 23
Author mark and year THC 2008
100 1# - MAIN ENTRY--PERSONAL NAME
Personal name Thomas, David C.
Fuller form of name (David Clinton),
Dates associated with a name 1947-
9 (RLIN) 179715
245 10 - TITLE STATEMENT
Title Cross-cultural management :
Remainder of title essential concepts /
Statement of responsibility, etc. David C. Thomas.
250 ## - EDITION STATEMENT
Edition statement 2nd ed.
260 ## - PUBLICATION, DISTRIBUTION, ETC. (IMPRINT)
Place of publication, distribution, etc. Los Angeles :
Name of publisher, distributor, etc. Sage Publications,
Date of publication, distribution, etc. c2008.
300 ## - PHYSICAL DESCRIPTION
Pagination xix, 327 p. :
Illustrations ill. ;
Size 23 cm.
500 ## - GENERAL NOTE
General note Previously published under title: Essentials of international management : a cross-cultural perspective.
504 ## - BIBLIOGRAPHY, ETC. NOTE
Bibliography, etc Includes bibliographical references (p. 259-305) and indexes.
650 #0 - SUBJECT ADDED ENTRY--TOPICAL TERM
Topical term or geographic name as entry element International business enterprises
General subdivision Management.
9 (RLIN) 175877
Topical term or geographic name as entry element International business enterprises
General subdivision Management
Form subdivision Cross-cultural studies.
9 (RLIN) 179716
Topical term or geographic name as entry element Management
Form subdivision Cross-cultural studies.
9 (RLIN) 179717
Topical term or geographic name as entry element Intercultural communication.
9 (RLIN) 170256
Topical term or geographic name as entry element Communication in management
Form subdivision Cross-cultural studies.
9 (RLIN) 179718
700 1# - ADDED ENTRY--PERSONAL NAME
Personal name Thomas, David C.
Fuller form of name (David Clinton),
Dates associated with a name 1947-
942 ## - ADDED ENTRY ELEMENTS (KOHA)
Source of classification or shelving scheme Dewey Decimal Classification
Koha item type Books
Holdings
Lost status Source of classification or shelving scheme Damaged status Not for loan Collection code Permanent Location Current Location Shelving location Date acquired Source of acquisition Cost, normal purchase price Total Checkouts Full call number Date last seen Copy number Koha item type
  Dewey Decimal Classification   Not For Loan Non-fiction Central Library, University of Rajshahi Central Library, University of Rajshahi Reading Room 19/09/2010 Paragon enterprises ltd., Dhaka 76.95   658.049 THC 2008 31/12/2016 C-1 Books